| 000 | 00000nam##2200000za#4500 |
| 001 | 9.663104 |
| 003 | CaOODSP |
| 005 | 20210615120906 |
| 007 | ta |
| 008 | 150407|2001||||xxc||||| f|0| 0 fre|d |
| 020 | |a0-662-65990-2 |
| 040 | |aCaOODSP|bfre |
| 041 | |aeng |
| 041 | |afre |
| 043 | |an-cn--- |
| 086 | 1 |aL36-12/2001 |
| 110 | 1 |aCanada.|bDéveloppement des ressources humaines Canada. |
| 245 | 10|aSi vous avez un accident : |bce qu'il faut faire et comment le faire |
| 260 | |aOttawa - Ontario : |bDéveloppement des ressources humaines Canada |c2001. |
| 300 | |aTexte français, 23p. ; |c17 cm. |
| 546 | |aBilingue |
| 563 | |aCouverture souple |
| 590 | |a02-02|b2002-01-11 |
| 691 | 07|aAccident de travail|2gcpds |
| 691 | 07|aFonction publique|2gcpds |
| 691 | 07|aProgramme fédéral|2gcpds |
| 776 | 0#|t[Si vous avez un accident] : |w(CaOODSP)9.642072 |
| 776 | 0#|t[If you have an accident] : |w(CaOODSP)9.698076 |
| 791 | |tIf you have an accident : |eeng|w(CaOODSP)9.663103 |